Banderas con lunas - Estadísticas

Estadísticas generales
  • Esta prueba ha sido intentada 23 veces
  • La puntuación promedio es 6 de 9
Answers on the Grid
Answers color-coded by a green-red scale on the quiz's grid according to % correct below.
singapur
yemen
tayikistán
maldivas
kirguistán
kuwait
jamaica
malasia
oman
tunez
uzbekistán
vanuatu
timor oriental
libia
montenegro
mauritania
brunei
siria
comoras
Burkina faso
 
Estadísticas de respuestas
Respuesta % Correcto
singapur
89%
tunez
84%
libia
74%
uzbekistán
74%
mauritania
63%
comoras
58%
malasia
53%
maldivas
53%
brunei
26%
No se encontraron pruebas coincidentes
Distribución de puntuación
Porcentaje de gente con cada puntuación
Porcentaje por número respondido
Historial de tus puntuaciones
No has intentado esta prueba.